000 00438nam a2200181Ia 4500
001 15278
005 20260306165016.0
008 260306t2017||||xx |||||||||||||| ||spa||
041 _aESP
082 _a531.11076
_bV66
100 _aVillarreal Castro, Genner
_eAUT
245 0 _aProblemas resueltos de dinámica
260 _c2017
300 _a83 páginas :
_c29 cm.
650 _aGEN
654 _aCCN
942 _cLIB
_dJUS
_fJUS
_2ddc
_n
999 _c15278
_d15278